000 01144pam a2200337 a 4500
001 618126
003 OSt
005 20140310182702.0
008 921223s1993 nyuab 000 0 eng
010 _a 92056228
020 _a0060165693
040 _aDLC
_cDLC
_dDLC
043 _an-us-ca
050 0 0 _aHV 6534
_b.W853 1993
082 0 0 _aM 364.1523
_bW83 1993
100 1 _aWolf, Marvin J.
245 1 0 _aFamily blood :
_bthe true story of the Yom Kippur murders : one family's greed, love, and rage /
_cWolf, Marvin J. and Attebery, Larry
250 _a1st ed.
260 _aNew York, USA :
_bHarperCollins Publishers,
_cc1993.
300 _a320 p.
_bill., ;
_c24 cm.
521 _aCollege Students
526 _c1210L-1700L
541 _j1
562 _e1
600 1 0 _aWoodman, Gerald,
_dd. 1985.
650 0 _aMurder
_zCalifornia
_zLos Angeles
_xCase studies.
700 1 _aAttebery, Larry.
906 _a7
_bcbc
_corignew
_d1
_eocip
_f19
_gy-gencatlg
942 _2lcc
_cBK
_kM
999 _c15179
_d15179